El modelo y la resistencia /

Guardado en:
Autor Corporativo: ATC.
Formato: Deslizar
Series:Del horror a la esperanza
Materias:
Etiquetas: Agregar Etiqueta
Sin Etiquetas, Sea el primero en etiquetar este registro!
LEADER 00997ngm a22002775g 4500
001 CEM.cems022802
008 130507b2007##################0###0#####d
005 20241120141404.0
245 1 0 |a El modelo y la resistencia /  |c ATC. 
300 |a 45'. 
490 0 |a Del horror a la esperanza 
500 |a En soporte VHS, consultar en ventanilla. 
505 0 |a El modelo económico de Martínez de Hoz. La deuda externa. La tablita. La plata dulce. La intervención de sindicatos y la desaparición de sindicalistas. La marcha del 30 de marzo del '82. 
538 |a Soporte: VHS - Norma: Pal N - Color: Si - Grabación DRD 2007 - Hitachi=2300 
110 2 |a ATC. 
082 9 8 |/ HOR 
653 |a SOCIOLOGIA 
653 |a POLITICA 
653 |a RESISTENCIA 
653 |a MODELO ECONOMICO 
653 |a DEUDA EXTERNA 
653 |a TABLITA 
653 |a PLATA DULCE 
653 |a NIVEL PRIMARIO 
653 |a NIVEL SECUNDARIO 
859 |a CEMS  |b BIB. CEMS - Depto. Recursos Didacticos  |h 982  |i HOR  |k DRD  |p 1445.12  |t Ej.1